Online Catalogue and eLibrary

Reflexivity and the crisis of western reaso (Record no. 1035)

MARC details
000 -LEADER
fixed length control field 00238nam a2200097Ia 4500
008 - FIXED-LENGTH DATA ELEMENTS--GENERAL INFORMATION
fixed length control field 240331s9999 xx 000 0 und d
082 ## - DDC Classification
Class No. 301
Item Number - Author Mark SAN
100 ## - MAIN ENTRY--PERSONAL NAME
Personal name Sandywell, B
245 #0 - TITLE STATEMENT
Title Reflexivity and the crisis of western reaso
942 ## - Koha item type (Biblio)
Koha item type Books in Stacks (Lending)
Holdings
Lost status Damaged status Collection code Home library Current library Shelving location Date acquired Full call number Accession Number Item type
    Lending WERC Library WERC Library Social Science Cupboard 03/31/2024 301 SAN 2410 Books in Stacks (Lending)

© WERC Library